000 00845nam a22002657a 4500
999 _c49935
_d49935
005 20181218123929.0
010 _aENG-101906 B-452663-688
020 _a9780071067959
_c325.00
020 _a0071067957
_c325.00
035 _aEN-85439 B-452663-688
037 _bDBAD/PUB
082 0 4 _a808.066
100 1 _aMurray, Rowena
245 1 0 _aHow to write a thesis /
_cby Rowena Murray
250 _a2nd ed
260 _aNew Delhi
_bTata McGraw-Hill
_c2010
270 _a7 West Patel Nagar
_bNew Delhi
_e110008
300 _axviii, 301 p.
_c23 cm (pbk)
500 _aIncludes bibliographical references and index.
650 0 _aAcademic writing.
650 0 _aDissertations, Academic
_xAuthorship.
942 _2ddc
_cEN
_h808.066
_mMUR